| 000 | 00587nam a2200205Ia 4500 | ||
|---|---|---|---|
| 003 | OSt | ||
| 005 | 20251023160959.0 | ||
| 008 | 220917b |||||||| |||| 00| 0 eng d | ||
| 037 | _cTB | ||
| 040 |
_aARTS _cARTS _beng |
||
| 041 |
_2eng _aeng |
||
| 084 |
_aU.7.N3 K2 _qAL |
||
| 100 |
_aBorrows H H _994007 |
||
| 245 | 0 | _aLectures on the Historical Geography of the United States as given in 1933 | |
| 260 | _c1962. | ||
| 650 |
_aGEOGRAPHY _9849384 |
||
| 700 | _e(Editor) | ||
| 942 |
_hU.7.N3 K2 _cTB _2CC _n0 |
||
| 999 |
_c212401 _d212401 |
||